000
00201nam a22000977a 4500
082
_a
894.812
_b
PAN/K
100
_a
PANICKAR, CHANGAMBUZHA
245
_a
KALITHOZHI
650
_a
MALAYALAM STORY
942
_c
BK
999
_c
7718
_d
7718